Política y políticas sociales en el ecuador reciente: dificultades asociadas a la salida del ciclo neoliberal = Political and social policies in Ecuador Recent: problems associated with the departure of the cycle neoliberal /

El presente escrito busca problematizar los límites, márgenes y espacios de la disputa por las condiciones materiales de vida en el marco del orden neoliberal, y sus efectos en la manera de concebir las intervenciones sociales del Estado. La primera sección del artículo incluye la descripción analít...

全面介紹

Guardado en:
書目詳細資料
主要作者: Minteguiaga, Analía
格式: Texto
主題:
標簽: 添加標簽
沒有標簽, 成為第一個標記此記錄!

MARC

LEADER 00000 a a2200000 04500
001 44417
003
040
100 |a Minteguiaga, Analía  
245 |a Política y políticas sociales en el ecuador reciente: dificultades asociadas a la salida del ciclo neoliberal =   |b Political and social policies in Ecuador Recent: problems associated with the departure of the cycle neoliberal /  |c Analía Minteguiaga  
500 |a analiaminte@hotmail.com  
520 |a El presente escrito busca problematizar los límites, márgenes y espacios de la disputa por las condiciones materiales de vida en el marco del orden neoliberal, y sus efectos en la manera de concebir las intervenciones sociales del Estado. La primera sección del artículo incluye la descripción analítica de lo acontecido en el "ciclo histórico" neoliberal ecuatoriano (1982-2006). La segunda sección analiza lo sucedido en el período de la "Revolución ciudadana". La tercer sección contiene algunas nociones finales.  
590 |a RRH/MAYO2013  
650 |a NEOLIBERALISMO  
650 |a LIBRE MERCADO  
650 |a DESREGULACION  
650 |a DESIGUALDAD SOCIAL  
650 |a ESTADO  
650 |a ECUADOR  
773 |g número135 (2011), páginas 45-58  
999 |c 22778  |d 22778 
773 0 |0 18728  |9 3014  |a Universidad de Costa Rica  |d San José, Costa Rica Editorial UCR 1956-  |o 15198  |t Revista de Ciencias Sociales/  |x 04825276